|
|
|
|
| LEADER |
01188nam a2200313 a 4500 |
| 001 |
12662743 |
| 008 |
100426m20032002nyua 000 0 eng d |
| 010 |
|
|
|a 2002276073
|
| 020 |
|
|
|a 0072330635 (alk. paper)
|
| 020 |
|
|
|a 0071180117 (ISE)
|
| 040 |
|
|
|a DLC
|c DLC
|d DLC
|d DB-DhAAL
|
| 082 |
0 |
0 |
|a 428.3/4
|2 21
|
| 100 |
1 |
|
|a Tanka, Judith,
|d 1950-
|
| 245 |
1 |
0 |
|a Interactions 1 :
|b listening/speaking /
|c Judith Tanka, Paul Most, Lida R. Baker.
|
| 246 |
3 |
|
|a Interactions one
|
| 250 |
|
|
|a 4th ed.
|
| 260 |
|
|
|a New York :
|b McGraw-Hill,
|c 2003.
|
| 300 |
|
|
|a xi, 270 p. :
|b ill. ;
|c 26 cm.
|
| 541 |
1 |
|
|e 00014328
|
| 650 |
|
0 |
|a English language
|v Textbooks for foreign speakers.
|
| 650 |
|
0 |
|a English language
|x Spoken English
|v Problems, exercises, etc.
|
| 650 |
|
0 |
|a Oral communication
|v Problems, exercises, etc.
|
| 650 |
|
0 |
|a Listening
|v Problems, exercises, etc.
|
| 700 |
1 |
|
|a Most, Paul,
|d 1949-
|
| 700 |
1 |
|
|a Baker, Lida R.
|
| 852 |
4 |
|
|a Ayesha Abed Library
|j General Shelf.
|
| 942 |
0 |
0 |
|0 1
|
| 999 |
|
|
|c 8256
|d 8256
|
| 952 |
|
|
|0 0
|1 0
|2 ddc
|4 0
|6 428_340000000000000_TAN_2003
|7 0
|9 9465
|a BRACUL
|b BRACUL
|c GEN
|d 2010-04-27
|l 16
|m 34
|o 428.34 TAN
|p 3010014328
|q 2026-08-06
|r 2025-12-09
|s 2025-12-09
|t 1
|w 2010-04-27
|y BK
|